000 01581nam a22003137a 4500
001 5225
003 FISKH
005 20241120110658.0
008 241120b cb ||||| |||| 00| 0 eng d
020 _a9781621450092
040 _aFISKH
_beng
_cFISKH
_dFISKH
050 _aQ172.E77
082 _a500
100 _aDonald, Graeme
245 _aScience :
_bAll the Facts that Turned out to be Science Fiction /
_cby Graeme Donald
250 _aFirst published in Great Britain in 2011
260 _aNew York :
_bThe Reader's Digest Association, Inc ;
_c2013.
300 _a190 pages :
_billustrations ;
_c21 cm .
490 _aThey got in wrong
505 _aZ
520 _a"The fascinating stories behind 50 scientific theories that were once regarded as facts but history proved were pure fictions.This is an innovative way into some truly zany bits of science and history that will surely fascinate readers. They Got It Wrong: Science tells the story behind 50 scientific theories that were once widely believed to be true, but history has since proved to be wrong, and the consequences it brought on at the time. Contents include: When the Earth was Flat, Tobacco can cure a variety of Health Problems, All Base metals can be turned into gold, how the physical measurements of the skull correlate to a person's personality, and more"--
521 8 _a1080
_bLexile estimate
521 8 _aZ
_bRaz-Plus
650 _ascience
_vnon-fiction
650 _a medical
_vnon-fiction
650 _ahistory
_vnon-fiction
942 _2ddc
_cBK
_n0
999 _c5225
_d5225